logo

Bir Sreshtho Munshi Abdur Rouf Library
Jhenaidah Cadet College

The theory and practice of compiler writing / (Record no. 7493)

MARC details
000 -LEADER
fixed length control field 00879cam a2200289 a 4500
001 - CONTROL NUMBER
JCCL Control Number 7493
003 - CONTROL NUMBER IDENTIFIER
JCCL marc code BD-JhCC
005 - DATE AND TIME OF LATEST TRANSACTION
control field 20180210195124.0
008 - FIXED-LENGTH DATA ELEMENTS--GENERAL INFORMATION
fixed length control field 841026s1985 nyua b 001 0 eng
020 ## - INTERNATIONAL STANDARD BOOK NUMBER
International Standard Book Number 0070651612 :
Terms of availability $33.95
035 ## - SYSTEM CONTROL NUMBER
system control number (BD-JhCC)7493
040 ## - CATALOGING SOURCE
Original cataloging agency DLC
Transcribing agency DLC
Modifying agency DLC
-- BD-JhCC
041 ## - LANGUAGE CODE
Language code of Book eng
050 00 - LIBRARY OF CONGRESS CALL NUMBER
Classification number QA76.6
Item number .T734 1985
082 00 - DEWEY DECIMAL CLASSIFICATION NUMBER
Classification number 001.64/2
DDC Edition number 19
Author mark and Year TRE 1985
100 1# - MAIN ENTRY--PERSONAL NAME
Personal name Tremblay, Jean-Paul,
Dates associated with a name 1938-
245 14 - TITLE STATEMENT
Title The theory and practice of compiler writing /
Statement of responsibility, etc Jean-Paul Tremblay, Paul G. Sorenson.
260 ## - PUBLICATION, DISTRIBUTION, ETC. (IMPRINT)
Place of publication, distribution, etc New York :
Name of publisher, distributor, etc McGraw-Hill,
Date of publication, distribution, etc c1985.
300 ## - PHYSICAL DESCRIPTION
Pagination xix, 796 p. :
Other physical details ill. ;
Dimensions 25 cm.
440 #0 -
Title McGraw-Hill computer science series
504 ## - BIBLIOGRAPHY, ETC. NOTE
Bibliography, etc Includes bibliographies and indexes.
650 #0 - SUBJECT ADDED ENTRY--TOPICAL TERM
Topical term or geographic name as entry element Computer programming.
650 #0 - SUBJECT ADDED ENTRY--TOPICAL TERM
Topical term or geographic name as entry element Compilers (Computer programs)
700 1# - ADDED ENTRY--PERSONAL NAME
Personal name Sorenson, P. G.
942 ## - ADDED ENTRY ELEMENTS (KOHA)
Source of classification or shelving scheme Dewey Decimal Classification
Koha item type Books
Holdings
Source of classification or shelving scheme Damaged status Not for loan Home library Current library Shelving location Total Checkouts Full call number Barcode Date last seen Copy number Koha item type
Dewey Decimal Classification     JCC Rouf Library JCC Rouf Library General Stacks   001.64/2 TRE 1985 398 02/10/2018 C - 1 Books

JCC Library | Contacts | JCC Home

Last Update on 23 September 2017
Copyright @ 2017-2020 JCC Rouf Library
Rouf Library, Jhenidah Cadet College (JCC), Bangladesh